banner-ar

الرسم الثلاثى الرقمى auto cad / (Record no. 61694)

MARC details
000 -الفاتح
حقل البيانات ثابتة الطول 00810nam a22002297a 4500
005 - وقت وتاريخ اخر تعامل مع التسجيلة
رقم الضبط 20240530110512.0
008 - عناصر البيانات ثابتة الطول - معلومات عامة
حقل البيانات ثابتة الطول 151206s2013 ua ad f 000 0 ara d
017 ## - رقم الايداع القانونى
رقم الايداع القانونى 2012/2/555
المصدر ( الهيئة المختصة) الاردن . دائرة المكتبة الوطنية
020 ## - الرقم الدولى المعيارى للكتب
الرقم الدولى المعيارى للكتاب 9789957831493
040 ## - مصدر الفهرسة
وكالة الفهرسة الأصلية EG-CaGPL
082 04 - رقم تصنيف ديوى العشرى
رقم الطبعة 21
رقم التصنيف 720.284\
رقم المادة ف ر
100 0# - المدخل الرئيسى - إسم شخصى
الإسم الشخصى فراس مصطفى محمد .
245 12 - بيان العنوان
العنوان الرسم الثلاثى الرقمى auto cad /
بيان المسئوليه,etc فراس مصطفى محمد .
250 ## - بيان الطبعة
بيان الطبعة ط1.
260 ## - PUBLICATION, DISTRIBUTION, ETC. (IMPRINT)
تاريخ النشر أو التوزيع 2013 .
300 ## - الوصف المادى
التعداد 2 ج :
تفاصيل ماديه اخرى للوعاء ايض ؛
أبعاد الوعاء 24 سم .
650 04 - المدخل الاضافى بالموضوع-مصطلح موضوعى
مصطلح موضوعي اوتو كاد .
650 04 - المدخل الاضافى بالموضوع-مصطلح موضوعى
مصطلح موضوعي العمارة .
650 04 - المدخل الاضافى بالموضوع-مصطلح موضوعى
مصطلح موضوعي المجسمات .
942 ## - عناصر المدخل الإضافي( كوها)
مصدر التصنيف او مخطط الترفيف Dewey Decimal Classification
Koha [default] item type كتاب
260 ## - PUBLICATION, DISTRIBUTION, ETC. (IMPRINT)
-- عمان :
-- مكتبة المجتمع العربى للنشر و التوزيع ،
Holdings
حالة التراجع حالة الفقد حالة تلف ليس للاعارة المكان المؤقت الموقع الحالى تاريخ الاكتساب اجمالي اﻻعارات رقم الطلب الباركود تاريخ اخر مشاهدة تاريخ تفعيل السعر نوع وعاء كوها
        مكتبة القاهرة الكبرى مكتبة القاهرة الكبرى 12/08/2015   720.284\ ف ر 161044 12/08/2015 12/08/2015 كتاب
        مكتبة القاهرة الكبرى مكتبة القاهرة الكبرى 12/08/2015   720.284\ ف ر 161045 12/08/2015 12/08/2015 كتاب

Powered By

EGPV